Tennis connais-tu vraiment ce sport ? - Statistiques

Statistiques générales
  • Ce quiz a été pris 159 fois
  • Le résultat moyen est 9 sur 11
Statistiques - réponses
Question Réponse % Correct
Quand a lieu Roland Garros ? En mai et en juin
98%
Laquelle de ces images n'est pas du tennis ?
97%
Combien de set y a t-il pour constituer un match complet ? 3 ou 5
96%
Quand est né Novak Djokovic ? le 22 mai 1987
96%
Lequel de ces joueur est le plus âgé ? Novak Djokovic
96%
Lequel de ces joueur est le plus jeune ? Carlos Alcaraz
91%
Combien de temps dure un set ? Environ 40 minutes
77%
Pourquoi le sol des court de tennis est-il en terre battue rouge ? Pour offrir une surface de jeu lisse, douce et poreuse, idéale pour le tennis
76%
Combien de Grand Chelem a gagné Rafael Nadal ? 22
73%
Quelles taille doit avoir un filet réglementaire en hauteur, et au niveau du poteau ? 1.07 metre
45%
Quel poids doit avoir une balle réglementaire ? entre 56,0 et 59,4 grammes
43%
Aucun quiz correspondant
Distribution des résultats
% des personnes avec chaque résultat
Percentile par nombre de réponses
Votre historique - résultats
Vous n’avez pas pris ce quiz